Norwich City Squad 2025–26 Championship Season - Statistics

General Stats
  • This quiz has been taken 63 times
    18 since last reset
  • The average score is 26 of 37
Answer Stats
Answer % Correct
Shane Duffy
90%
Ben Chrisene
80%
Harry Darling
80%
Jack Stacey
80%
Jakov Medić
80%
Josh Sargent
80%
Matěj Jurásek
80%
Mirko Topić
80%
Pelle Mattsson
80%
Ruairi McConville
80%
Vladan Kovačević
80%
Ali Ahmed
70%
Anis Ben Slimane
70%
Ante Crnac
70%
Daniel Grimshaw
70%
Emiliano Marcondes
70%
Forson Amankwah
70%
Harry Amass
70%
Jeffrey Schlupp
70%
Jovon Makama
70%
Kenny McLean
70%
Liam Gibbs
70%
Marcelino Núñez
70%
Mathias Kvistgaarden
70%
Papa Amadou Diallo
70%
Sam Field
70%
Errol Mundle-Smith
60%
Jacob Wright
60%
José Córdoba
60%
Kellen Fisher
60%
Liam Manning
60%
Lucien Mahovo
60%
Mohamed Toure
60%
Oscar Schwartau
60%
Philippe Clement
60%
Tony Springett
60%
Paris Maghoma
40%
No matching quizzes found
Score Distribution
Percent of People with Each Score
Percentile by Number Answered
Your Score History
You have not taken this quiz since the last reset